Rozsypanka literowa – osiedla Poznania - Statystyki

Ogólne statystyki
  • Ten quiz został rozwiązany 4 razy
  • Średni wynik to 11 z 24
Statystyki odpowiedzi
Odpowiedź % Poprawnych
Łazarz
100%
Ogrody
100%
Śródka
100%
Dębiec
75%
Jeżyce
75%
Wilda
75%
Wola
75%
Grunwald
50%
Ławica
50%
Piątkowo
50%
Rataje
50%
Winiary
50%
Zawady
50%
Żegrze
50%
Górczyn
25%
Junikowo
25%
Naramowice
25%
Podolany
25%
Sołacz
25%
Starołęka
25%
Winogrady
25%
Krzesiny
0%
Morasko
0%
Zieleniec
0%
Nie znaleziono quizów pasujących do podanych kryteriów
Rozkład punktacji
Procent ludzi z każdym wynikiem
Percentyl według liczby udzielonych odpowiedzi
Twoja historia wyników
Nie rozwiązałeś tego quizu